000 00191 a2200097 4500
001 7884
100 _aMayes, S
245 _aCyprus & makarios
260 _a
_bPutnam
_c
090 _c6328
_d6328
942 _aNUST-CAE
_cM
_c32854
999 _c242957
_d242957